Flags Animation Part 2 - Statistics

General Stats
  • This quiz has been taken 34 times
  • The average score is 14 of 15
Answer Stats
Picture Hint Answer % Correct
Remove Red Spots, And Wide That Cross Finland
100%
Invert Color Without White Again. Norway
100%
Undo Rotate Stripe, And Changes Coat and Arms To Emblem. Argentina
96%
Remove 5 Stars. Add a Coat and Arms El Salvador
96%
Swap Colors Without Sun, Remove The Emblem, And Add Cross White Greece
96%
Remove Pale One And, Swap Color Add 5 Stars. Honduras
96%
Zoom To Stripe Add Bottom Stripe Red. Russia
96%
Remove The Stripe Set Cross Rotation. (Still Optional) Scotland
96%
Add Coat and Arms. Slovakia
96%
Change Coat and Arms, And shrink little bit. Slovenia
96%
Change Stripes, Change Color By odd Blue, And Changes Emblem Sun, And Set Position Emblem Into Top Left Uruguay
93%
Change Coat and Arms. Nicaragua
89%
Rotate the Stripe, And Changes The Coat and Arms Serbia
89%
Remove The Coat and Arms, and Add Stripe Green. Gambia
78%
Rotate The Stripes, And Changes The Coat and Arms. Guatemala
74%
No matching quizzes found
Score Distribution
Percent of People with Each Score
Percentile by Number Answered
Your Score History
You have not taken this quiz